000 00319nam a22001337a 4500
008 210226b ||||| |||| 00| 0 eng d
020 _a9781437708967
041 _aeng
080 _25th
_a61
100 _a4
101 _aSHM
245 _aEthical Dimensions in the health Professions
_cPurtilo ,B.R
942 _2udc
_cBK
999 _c55301
_d55301